000 00296nam a22001337a 4500
008 181018b xxu||||| |||| 00| 0 eng d
020 _a9780323100892
041 _aeng
080 _29th
_a610.73
100 _a2
101 _aINF
245 _aMedical Surgical-Nursing
_cLewis
942 _2udc
_cBK
999 _c50135
_d50135